Ảnh hưởng của đa dạng sản xuất nông nghiệp đến thu nhập của nông hộ trồng lúa vùng Đồng bằng sông Cửu Long : Luận văn tốt nghiệp cao học. Chuyên ngành Hệ thống nông nghiệp

Nội dung của luận văn nghiên cứu đánh giá thực trạng thu nhập và đa dạng các nguồn thu nhập của nông hộ trồng lúa vùng ĐBSCL; Phân tích các yếu tố ảnh hưởng đến sự đa dạng thu nhập trong sản xuất nông nghiệp của nông hộ trồng lúa vùng ĐB...

Deskribapen osoa

Gorde:
Xehetasun bibliografikoak
Egile nagusia: Đỗ, Thị Thanh Thảo
Formatua: Liburua
Hizkuntza:Undetermined
Argitaratua: Cần Thơ Trường Đại học Cần Thơ 2015
Gaiak:
Etiketak: Etiketa erantsi
Etiketarik gabe, Izan zaitez lehena erregistro honi etiketa jartzen!
Thư viện lưu trữ: Trung tâm Học liệu Trường Đại học Cần Thơ
LEADER 01544nam a2200229Ia 4500
001 CTU_209464
008 210402s9999 xx 000 0 und d
082 |a 338.18 
082 |b Th108 
088 |a 60620118 
100 |a Đỗ, Thị Thanh Thảo 
245 0 |a Ảnh hưởng của đa dạng sản xuất nông nghiệp đến thu nhập của nông hộ trồng lúa vùng Đồng bằng sông Cửu Long : 
245 0 |b Luận văn tốt nghiệp cao học. Chuyên ngành Hệ thống nông nghiệp 
245 0 |c Đỗ Thị Thanh Thảo ; Lê Cảnh Dũng (Hướng dẫn khoa học) 
260 |a Cần Thơ 
260 |b Trường Đại học Cần Thơ 
260 |c 2015 
520 |a Nội dung của luận văn nghiên cứu đánh giá thực trạng thu nhập và đa dạng các nguồn thu nhập của nông hộ trồng lúa vùng ĐBSCL; Phân tích các yếu tố ảnh hưởng đến sự đa dạng thu nhập trong sản xuất nông nghiệp của nông hộ trồng lúa vùng ĐBSCL; Đề xuât các giải pháp và chính sách nhằm nâng cao thu nhập trong sản xuất nông nghiệp, giảm thiểu rủi ro cho hộ trồng lúa vùng ĐBSCL 
650 |a Agriculture,Nông nghiệp 
650 |x Economic aspects,Khía cạnh kinh tế 
904 |i Lê Thị Mỹ Linh (Nguyên) 
980 |a Trung tâm Học liệu Trường Đại học Cần Thơ